Top Songs of 2021 Quiz - Statistics

General Stats
  • This quiz has been taken 447 times
  • The average score is 17 of 25
Answer Stats
Song Artist(s) % Correct
2 Save Your Tears The Weeknd | Ariana Grande
99%
3 Blinding Lights The Weeknd
96%
1 Levitating Dua Lipa
95%
5 Good 4 U Olivia Rodrigo
95%
8 Drivers License Olivia Rodrigo
95%
13 Deja Vu Olivia Rodrigo
95%
21 34+35 Ariana Grande | Doja Cat | Megan Thee Stallion
91%
24 Industry Baby Lil Nas X | Jack Harlow
90%
9 Montero (Call Me By Your Name) Lil Nas X
89%
12 Stay The Kid LAROI | Justin Bieber
89%
14 Positions Ariana Grande
88%
10 Peaches Justin Bieber | Daniel Caesar | Giveon
87%
15 Bad Habits Ed Sheeran
81%
11 Butter BTS
74%
6 Kiss Me More Doja Cat | SZA
73%
16 Heat Waves Glass Animals
67%
7 Leave The Door Open Silk Sonic (Bruno Mars & Anderson .Paak)
66%
25 Therefore I Am Billie Eilish
51%
4 Mood 24kGoldn | iann dior
47%
17 Without You The Kid LAROI
33%
20 Astronaut In The Ocean Masked Wolf
26%
22 What You Know Bout Love Pop Smoke
25%
23 My Ex's Best Friend Machine Gun Kelly | blackbear
21%
19 Go Crazy Chris Brown | Young Thug
17%
18 Forever After All Luke Combs
13%
No matching quizzes found
Score Distribution
Percent of People with Each Score
Percentile by Number Answered
Your Score History
You have not taken this quiz